书目信息 |
| 题名: |
道路与桥梁检测技术
|
|
| 作者: | 胡昌斌 主编 | |
| 分册: | ||
| 出版信息: | 北京 人民交通出版社股份有限公司 2015 |
|
| 页数: | 299页 | |
| 开本: | 26cm | |
| 丛书名: | ||
| 单 册: | ||
| 中图分类: | U415.12 , U445.1 | |
| 科图分类: | ||
| 主题词: | 道路工程--dao lu gong cheng--工程质量--质量检验 , 桥梁工程--qiao liang gong cheng--工程质量--质量检验 | |
| 电子资源: | ||
| ISBN: | 978-7-114-12164-7 | |
| 000 | 01177nam0 2200313 450 | |
| 001 | 2156756761 | |
| 005 | 20211108155620.06 | |
| 010 | @a978-7-114-12164-7@dCNY40.00 | |
| 100 | @a20151101d2015 em y0chiy50 ea | |
| 101 | 0 | @achi |
| 102 | @aCN@b110000 | |
| 105 | @aak az 000yy | |
| 106 | @ar | |
| 200 | 1 | @a道路与桥梁检测技术@Adao lu yu qiao liang jian ce ji shu@f胡昌斌主编 |
| 205 | @a2版 | |
| 210 | @a北京@c人民交通出版社股份有限公司@d2015 | |
| 215 | @a299页@c图@d26cm | |
| 300 | @a高等学校交通运输与工程类专业规划教材 | |
| 312 | @a封面题英文题名:Inspection and monitoring techniques road and bridge | |
| 320 | @a有书目(第296-299页) | |
| 330 | @a本书共分六章,其主要内容为:总论,振动与波动理论基础,量测仪表与技术,路基路面工程现场检测技术,桥梁上部结构检测技术,地基基础工程现场检测技术等。 | |
| 510 | 1 | @aInspection and monitoring techniques road and bridge@zeng |
| 606 | 0 | @a道路工程@Adao lu gong cheng@x工程质量@x质量检验 |
| 606 | 0 | @a桥梁工程@Aqiao liang gong cheng@x工程质量@x质量检验 |
| 690 | @aU415.12@v5 | |
| 690 | @aU445.1@v5 | |
| 701 | 0 | @a胡昌斌@Ahu chang bin@4主编 |
| 801 | 0 | @aCN@b百万庄@c20211108 |
| 905 | @b1314032-35@dU415.12@e1106=2@f4 | |
| 道路与桥梁检测技术/胡昌斌主编.-2版.-北京:人民交通出版社股份有限公司,2015 |
| 299页:图;26cm |
| 高等学校交通运输与工程类专业规划教材 |
| ISBN 978-7-114-12164-7:CNY40.00 |
| 本书共分六章,其主要内容为:总论,振动与波动理论基础,量测仪表与技术,路基路面工程现场检测技术,桥梁上部结构检测技术,地基基础工程现场检测技术等。 |
| ● |
| 相关链接 |
|
|
|
|
正题名:道路与桥梁检测技术
索取号:U415.12/1106=2
 
预约/预借
| 序号 | 登录号 | 条形码 | 馆藏地/架位号 | 状态 | 备注 |
| 1 | 1314032 | 213140322 | 第二样本阅览室/ [索取号:U415.12/1106=2] | 在馆 | |
| 2 | 1314033 | 213140331 | 第三借阅区/ [索取号:U415.12/1106=2] | 在馆 | |
| 3 | 1314034 | 213140340 | 第三借阅区/ [索取号:U415.12/1106=2] | 在馆 | |
| 4 | 1314035 | 213140359 | 第三借阅区/ [索取号:U415.12/1106=2] | 在馆 |